000 01151nam a22003257a 4500
003 CHAP
005 20220329132924.0
008 971013s1989 r 00010 d
010 _a286
011 _a1258
035 _a434
040 _cCHAP
090 _aTesis
100 0 0 _aMorán Medina, Fidel.
_978852
245 _aComportamiento de colectas criollas de frijol (Phaseolus vulgaris L.) relacionado con las condiciones de humedad edáfica y su influencia en floración en condiciones de temporal
260 _aChapingo, Méx. :
_bEl autor,
_c1989
300 _a70 h.
_b; gráfs.
502 _aTesis (Ing. Agr. Esp. en Fitotécnia) -- UACH. Departamento de Fitotécnia
590 _aALEPH
_b10
_c20130110
_lUCH01
_h1204
590 _aBATCH-UPD
_b10
_c20130110
_lUCH01
_h1914
590 _aBATCH-UPD
_b10
_c20130410
_lUCH01
_h1241
590 _aBATCH-UPD
_b10
_c20130914
_lUCH01
_h1438
590 _aCONVERSION
_b10
_c20130109
_lUCH01
_h1302
650 1 4 _aFrijol
_xFloración.
_943381
650 1 4 _aFrijol
_xRendimiento.
_943429
650 1 4 _aSuelos
_xHumedad.
_9110391
901 _aBK
942 _cTESIS
949 _bBC
_cTES
_d-9879
_eTS1
_h22520
_i434
_si
999 _c286
_d286